| 000 | 00860cam a22002531 4500 | ||
|---|---|---|---|
| 001 | gs 10000342 | ||
| 003 | DLC | ||
| 005 | 20260227111310.0 | ||
| 008 | 870924s1910 dcuab f000 0 eng | ||
| 010 | _ags 10000342 | ||
| 035 | _a(OCoLC)16739472 | ||
| 040 |
_aDLC _cOrPS _dDLC |
||
| 043 |
_an-us-co _an-us-ut |
||
| 050 | 0 | 0 |
_aQE75 _b.B9 no. 415 |
| 051 |
_aTN805.C6 _bG3 _cCopy 2. |
||
| 100 | 1 |
_aGale, Hoyt S. _q(Hoyt Stoddard), _d1876- |
|
| 245 | 0 | 0 |
_aCoal fields of northwestern Colorado and northeastern Utah, _cby Hoyt S. Gale. |
| 260 |
_aWashington, _bGovt. print. off., _c1910. |
||
| 300 |
_a265 p. _billus., 22 pl. (part fold. incl. maps, tables) diagrs. _c24 cm. |
||
| 410 | 2 | 0 |
_aGeological Survey (U.S.) _tBulletin _v415 |
| 500 | _aFive folded maps in pocket. | ||
| 650 | 0 |
_aCoal mines and mining _zColorado. |
|
| 650 | 0 |
_aCoal mines and mining _zUtah. |
|
| 999 |
_c24929 _d24929 |
||